000 00734nam a22002177a 4500
005 20170124110213.0
010 _aB-164190
020 _c498.00
_a9788176357364
035 _aB-164190
037 _bCen Lib/Ret
040 _aDPL
_bEN
082 _a005.754
_bUSI
245 _aSpecial edition using Crystal Reports 10 /
_cby Neil Fitzgerald...[et al.]
260 _aNew Delhi
_bTechmedia
_c2005
270 _aMunish Plaza20, Ansari Road Darya Ganj
_bNew Delhi
_e110002
300 _axxvi,860p. :
_c23cm(pbk)
_bill.
650 _aBusiness report writing--Computer programs
_938610
650 _aCrystal reports (Electronic resource)
_938611
700 _9474
_aFitzgerald, Neil
942 _2ddc
_cEN
_h005.754
_mUSI
999 _c133679
_d133679